[Event "FWCM 2013"]
[Site "Chennai"]
[Date "2013.11.18"]
[Round "7"]
[White "Anand, Viswanathan"]
[Black "Carlsen, Magnus"]
[Result "1/2-1/2"]
[WhiteElo "2775"]
[BlackElo "2870"]
[Annotator "Gmuer,Albi"]
[PlyCount "64"]
[EventDate "2013.??.??"]
[EventCountry "IND"]

1. e4 e5 2. Nf3 Nc6 3. Bb5 Nf6 4. d3 Bc5 5. Bxc6 {Die Abweichung gegenüber der
6. Partie. Dort geschah 5.c3} dxc6 (5... bxc6 {kostet einen Bauern} 6. Nxe5 {
Schwarz erhält aber etwas Kompensation, die aber wohl nicht ausreichend ist:}
Qe7 7. Nf3 d5 8. e5 Bg4 9. d4 Bb6 $14) 6. Nbd2 ({Nicht} 6. Nxe5 $4 {wegen} Qd4
$19) ({Häufiger geschieht} 6. O-O) 6... Bg4 (6... O-O 7. O-O (7. Nc4 Nd7 8. Bd2
Re8 9. a4 f6 10. O-O Nf8 11. Be3 Ne6 12. Bxc5 Nxc5 13. Ne3 Ne6 14. Nh4 {1/2-1/
2 (57) Anand,V (2783)-Karjakin,S (2767) Sandnes 2013}) 7... Re8 8. Nc4 Nd7 9.
a4 a5 10. b3 Bf8 11. Kh1 b6 12. g3 Ba6 13. Bb2 Bxc4 14. bxc4 g6 15. Nh4 Bh6 16.
Ng2 Nc5 17. f4 exf4 18. gxf4 Bg7 19. Bxg7 Kxg7 20. f5 Qg5 21. Rf3 Rad8 22. Qf1
Rd6 23. Qf2 Qf6 24. Rf1 g5 25. Rh3 Qd4 26. f6+ Qxf6 27. Rf3 Qe6 28. Rxf7+ Kg8
29. Ne3 Rd7 30. Rf8+ Kg7 31. Rxe8 Qxe8 32. Qf6+ Kg8 33. Nf5 h6 34. Nxh6+ Kh7
35. Nf7 {1-0 (35) Anand,V (2783)-Aronian,L (2813) Stavanger 2013}) ({Carlsen
kennt diese Position auch aus Sicht des Weissen:} 6... Be6 7. O-O Bd6 8. b3 Nd7
9. Nc4 Bxc4 10. bxc4 O-O 11. Rb1 b6 12. g3 f5 13. exf5 Rxf5 14. Qe2 Nc5 15. Be3
Ne6 16. Nd2 Qf6 17. Qg4 Rf8 18. Ne4 Qf7 19. a4 h5 20. Qe2 Be7 21. a5 Qg6 22.
axb6 axb6 23. Kh1 Rf3 24. Rbe1 Bb4 25. Ra1 Qg4 26. Qd1 Qh3 27. Bf4 Bc3 28. Qxf3
Bxa1 29. Qg2 Qf5 30. Bd2 Bd4 31. h3 Bc5 32. Bc3 Be7 33. Re1 b5 34. Kg1 b4 35.
Bb2 Bd6 36. h4 Be7 37. Kh2 Ra8 38. Ra1 Rxa1 39. Bxa1 Nc5 40. Nd2 Bf6 41. Bb2 b3
42. Nxb3 Nxb3 43. cxb3 Qxd3 44. Qxc6 Qc2 45. Qe8+ Kh7 46. Qxh5+ Kg8 47. Qe8+
Kh7 48. Qh5+ {1/2-1/2 (48) Carlsen,M (2843)-Aronian,L (2816) Sao Paulo/Bilbao
2012}) 7. h3 Bh5 (7... Bxf3 8. Qxf3 Nd7 9. Qg3 Qf6 10. Nc4 O-O 11. O-O Rfe8 12.
a4 Nf8 13. Bg5 Qe6 14. Bd2 Ng6 15. b4 Bf8 16. Qg4 b6 17. g3 f6 18. Bc3 Bd6 19.
Ne3 Kh8 20. Kg2 a6 21. Qf3 Ne7 22. h4 b5 23. Rfb1 Qd7 24. h5 h6 25. Qg4 Qxg4
26. Nxg4 Nc8 27. Bd2 Nb6 28. a5 Nd7 29. c4 c5 30. cxb5 axb5 31. bxc5 Nxc5 32.
Rxb5 Nxd3 33. Ra4 Ra6 34. Rc4 c5 35. Ne3 Rea8 36. Rc3 Nb4 37. Nc4 Be7 38. Rb3
Nc6 39. Rb6 Nb4 40. Kf3 R6a7 41. Be3 Kg8 42. Rb2 Rc7 43. Kg4 Kf7 44. Rb1 Nc6
45. R1b5 Nd4 46. Rb1 Nc6 47. R6b5 Nd4 48. Rb7 Rxb7 49. Rxb7 Ke6 50. Bd2 Ra6 51.
Bc3 Bf8 52. f4 exf4 53. gxf4 f5+ 54. exf5+ Kd5 55. Ne5 Ne2 56. Be1 Bd6 57. Rxg7
Nxf4 58. Nf7 Nd3 59. Nxd6 Nxe1 60. Ne8 Rxa5 61. Rd7+ Kc6 62. Rd6+ Kb5 63. f6
Ra7 64. Re6 Nd3 65. f7 Ra4+ 66. Kg3 {1-0 (66) Adams,M (2733)-Fressinet, L 
(2696) Germany 2012}) (7... Be6 {war auch spielbar.}) 8. Nf1 {Der erste neue
Zug.} (8. g4 $5) (8. O-O) 8... Nd7 9. Ng3 Bxf3 ({Nach} 9... Bg6 {steht der
weiss-feldrige Läufer etwas abseits.}) 10. Qxf3 g6 {Verhindert Sf5.} 11. Be3
Qe7 12. O-O-O {Das war die Idee von Anand.} O-O-O {Carlsen hat das aber schon
antizipert und rochiert zur gleichen Seite.} 13. Ne2 Rhe8 14. Kb1 b6 15. h4 Kb7
16. h5 Bxe3 17. Qxe3 (17. fxe3 {An den Doppelbauern auf der e-Linie hatte
Anand sicher schlechte Erinnerungen. Ein solcher führte in der letzten Partie
zu einer passiven Stellung. Trotzdem war auch das Zurücknehmen mit dem
f-Bauern eine plausible Möglichkeit.}) 17... Nc5 {Der Springer soll nach e6,
von wo er nach d4 und f4 guckt. Schwarz wird c6-c5 folgen lassen.} 18. hxg6
hxg6 19. g3 {Zur Vorbereitung von gelegentlichem f4. Ein weisser Plan könnte
darin bestehen, irgendwann einmal d3-d4 zu spielen, um den Bauern e5 zu
tauschen und damit eine Bauernmajorität am Königsflügel zu erlangen.} (19. Rh7
Rh8 20. Rdh1 Qf6 $11) 19... a5 (19... f5 20. exf5 gxf5 21. Rh5 Qf6 22. Rdh1 Rh8
$11) (19... Ne6 20. f4 f6 21. Rh2 Rh8 22. Rdh1 Rxh2 23. Rxh2 c5 $11) 20. Rh7
Rh8 21. Rdh1 Rxh7 22. Rxh7 Qf6 {Zur Vorbereitung von Th8.} 23. f4 Rh8 24. Rxh8
Qxh8 25. fxe5 ({Oder gleich} 25. Qf3) 25... Qxe5 {Ein neues Thema im
Endspielduell Anand gegen Carlsen: Dame und Springer gegen Dame und Springer
gab es bisher noch nicht.} 26. Qf3 f5 27. exf5 gxf5 28. c3 Ne6 {Das Spiel
steht völlig gleich und bietet auch kaum noch Spielmöglichkeiten.} 29. Kc2 Ng5
30. Qf2 Ne6 31. Qf3 Ng5 32. Qf2 Ne6 {Remis durch dreifache
Stellungwiederholung.} 1/2-1/2

[Event "FWCM 2013"]
[Site "Chennai"]
[Date "2013.11.19"]
[Round "8"]
[White "Carlsen, Magnus"]
[Black "Anand, Viswanathan"]
[Result "1/2-1/2"]
[WhiteElo "2870"]
[BlackElo "2775"]
[Annotator "Gmuer,Albi"]
[PlyCount "66"]
[EventDate "2013.??.??"]
[EventCountry "IND"]

1. e4 e5 {Von Anand nach kurzem Nachdenken gespielt.} 2. Nf3 Nc6 3. Bb5 Nf6 4.
O-O ({In der sechsten und siebten Partei zog Anand} 4. d3) 4... Nxe4 5. Re1 ({
Anand wählte in der 4. Partie} 5. d4 Nd6 6. Bxc6 dxc6 7. dxe5 Nf5 8. Qxd8+ Kxd8
) 5... Nd6 6. Nxe5 Be7 7. Bf1 Nxe5 8. Rxe5 O-O 9. d4 (9. Nc3 Ne8 10. Nd5 Bd6
11. Re1 c6 12. Ne3 Bc7 13. Nf5 d5 14. Ne7+ Kh8 15. Nxc8 Rxc8 16. g3 Nd6 17. Bh3
f5 18. d3 Qf6 19. c3 Rce8 20. Bd2 Nf7 21. Rxe8 Rxe8 22. Qf1 f4 23. Re1 Rf8 24.
Qe2 h6 25. Kh1 Ng5 26. Bg4 Bd6 27. h4 Nh7 28. Kg2 Qg6 {1/2-1/2 (32) Nakamura,H
(2772)-Carlsen,M (2862) Saint Louis 2013} 29. Bh5 Qf5 30. Bg4 Qg6 31. Bh5 Qf5
32. Bg4 Qg6 {1/2-1/2 (32) Nakamura,H (2772)-Carlsen,M (2862) Saint Louis 2013})
9... Bf6 {Der beliebteste Zug an dieser Stelle} (9... Ne8 {kam auch schon
häufiger vor:} 10. d5 Bc5 11. Re1 d6 12. Nc3 Bf5 13. Bd3 Bxd3 14. Qxd3 Nf6 15.
Na4 Re8 16. Bd2 Rxe1+ 17. Rxe1 Qd7 18. Nxc5 dxc5 19. c4 Re8 20. f3 Rxe1+ 21.
Bxe1 b6 22. g4 Ne8 23. Bg3 Nd6 24. b3 a5 25. Kf2 a4 26. Qe3 Kf8 27. h4 axb3 28.
axb3 Qe7 29. Qc3 f6 30. h5 Kf7 31. Bf4 g6 32. Qa1 Ke8 33. h6 Kf7 34. Bg3 {1/
2-1/2 (38) Karjakin,S (2782)-Carlsen,M (2864) Moscow 2013} Ke8 35. Bh4 Kf7 36.
Bg3 Ke8 37. Bh4 Kf7 38. Bg3 {1/2-1/2 (38) Karjakin,S (2782) -Carlsen,M (2864)
Moscow 2013}) 10. Re1 Re8 11. c3 (11. Rxe8+ Nxe8 12. c3 d5 13. Bd3 c6 14. Bf4
g6 15. Nd2 Ng7 16. Qc2 Bf5 17. Re1 Qd7 18. Bxf5 Qxf5 19. Qxf5 Nxf5 20. Nf3 Ng7
21. Bg5 Bxg5 22. Nxg5 f6 23. Nf3 Kf7 24. g3 a5 25. Kf1 Nf5 26. Ke2 a4 27. Kd3
Nd6 28. Nd2 b5 29. Re2 g5 30. Nf1 h5 31. Ne3 Rh8 32. Nc2 Nc8 33. Nb4 Ne7 34. f3
h4 35. g4 Ng6 36. Kd2 Nf4 37. Re1 Rc8 38. Nd3 Ne6 39. Ke3 Re8 40. Kf2 Nf4 41.
Nxf4 Rxe1 42. Kxe1 gxf4 43. b4 h3 {1/2-1/2 (43) Nakamura,H (2784)-Kramnik,V 
(2803) Geneve 2013}) 11... Rxe1 12. Qxe1 Ne8 13. Bf4 d5 14. Bd3 g6 15. Nd2 Ng7
16. Qe2 c6 17. Re1 (17. Be5 Bxe5 18. Qxe5 Bf5 19. Bxf5 Nxf5 20. Re1 Qd6 21. Nb3
Qxe5 22. Rxe5 f6 23. Re2 Kf7 24. Nc5 Nd6 25. f3 Re8 26. Rxe8 Kxe8 27. Kf2 b6
28. Nd3 Kd7 29. g4 g5 30. Ke3 h6 31. f4 {1/2-1/2 (31) Rozentalis,E (2619)
-Bruzon Batista,L (2691) Montreal 2013}) (17. Nb3 b6 18. Re1 Bf5 19. Bxf5 Nxf5
20. Nc1 Qd7 21. Nd3 Ng7 22. Be5 Re8 {1/2-1/2 (88) Nepomniachtchi,I (2711)
-Riazantsev,A (2688) Khanty-Mansiysk 2011}) 17... Bf5 18. Bxf5 Nxf5 19. Nf3 Ng7
20. Be5 {Carlsen hat hier bisher nur 10 Minuten Zeit verbraucht, Anand etwa 30
Minuten. Carlsens Plan besteht offenbar darin, alle Figuren zu tauschen und
bequem remis zu spielen.} Ne6 21. Bxf6 Qxf6 {Die Partie ist nicht nur völlig
ausgeglichen, sondern auch noch so gut wie perspektivlos. Das ist für Schwarz,
der im Match 0:2 zurück liegt, keine gute Nachricht.} 22. Ne5 Re8 23. Ng4 Qd8 (
23... Qg5 $2 24. f4 Qxf4 25. Rf1 Qb8 26. Qf2 f5 27. Nf6+ $16) 24. Qe5 Ng7 25.
Qxe8+ Nxe8 26. Rxe8+ Qxe8 27. Nf6+ Kf8 28. Nxe8 Kxe8 29. f4 f5 30. Kf2 b5 31.
b4 Kf7 32. h3 h6 33. h4 h5 1/2-1/2

[Event "FWCM 2013"]
[Site "Chennai"]
[Date "2013.11.21"]
[Round "9"]
[White "Anand, Viswanathan"]
[Black "Carlsen, Magnus"]
[Result "0-1"]
[WhiteElo "2775"]
[BlackElo "2870"]
[Annotator "Gmuer,Albi"]
[PlyCount "56"]
[EventDate "2013.??.??"]
[EventCountry "IND"]

1. d4 ({In den bisherigen Partien des Wettkampfes spielte Anand} 1. e4 {und
erreichte nichts.}) 1... Nf6 2. c4 e6 3. Nc3 {Anand ist eigentlich ein
e4-Spieler, der erst später auch mit d4 begann. Deshalb gibt es nicht so viele
Partien von Anand mit 1.d4 in der Datenbank.} (3. Nf3 d5 4. Nc3 c6 5. e3 Nbd7
6. Qc2 b6 7. Bd3 Bb7 8. O-O Bb4 9. a3 Bxc3 10. bxc3 dxc4 11. Bxc4 c5 12. Qe2
O-O 13. a4 Qc7 14. Bb2 e5 15. Rfd1 Rac8 16. Bb5 e4 17. Nd2 Rfd8 18. a5 Nf8 19.
axb6 axb6 20. dxc5 bxc5 21. c4 Ng6 22. Bc3 Qe7 23. Nf1 Ne5 24. Rxd8+ Rxd8 25.
Ra7 Rb8 26. Ng3 Qc7 27. h3 g6 28. Qb2 Nd3 29. Qa1 Ne8 30. Nxe4 Qb6 31. Bxe8 {
1-0 (31) Anand,V (2780)-Gelfand,B (2740) Zuerich 2013}) 3... Bb4 4. f3 {Diesen
aggressiven Zug hat Anand bisher nicht gespielt, Carlsen mit Weiss aber schon.}
({Mit vertauschten Farben gewann Carlsen gegen Anand in der Nimzoindische
Verteidigung in diesem Jahr bereits auf folgende Weise:} 4. e3 O-O 5. Nge2 d5
6. a3 Be7 7. cxd5 Nxd5 8. Bd2 Nd7 9. g3 b6 10. Nxd5 exd5 11. Bg2 Bb7 12. Bb4
Nf6 13. O-O Re8 14. Rc1 c6 15. Bxe7 Rxe7 16. Re1 Qd6 17. Nf4 Bc8 18. Qa4 Rc7
19. f3 Be6 20. e4 dxe4 21. fxe4 Qd7 22. d5 cxd5 23. Qxd7 Rxd7 24. Nxe6 fxe6 25.
Bh3 Kh8 26. e5 Ng8 27. Bxe6 Rdd8 28. Rc7 d4 29. Bd7 {1-0 (29) Carlsen,M (2864)
-Anand,V (2786) Moscow 2013}) (4. Qc2 O-O 5. e4 d5 6. e5 Ne4 7. Bd3 c5 8. Nf3
cxd4 9. Nxd4 Nd7 10. Bf4 Qb6 11. Nb3 Qc7 12. O-O Nxe5 13. Bxe4 dxe4 14. Qxe4
Bxc3 15. bxc3 f6 16. Rfe1 Qxc4 17. Bxe5 Qxe4 18. Rxe4 fxe5 19. Rxe5 b6 20. Nd4
Bd7 21. Rae1 Rac8 22. R1e3 Rc4 23. Nxe6 Bxe6 24. Rxe6 Rfc8 25. Re7 Rxc3 26. h4
Rxe3 27. fxe3 a5 28. Rb7 Rc2 29. Rxb6 Rxa2 30. Ra6 Re2 {1/2-1/2 (30) Anand,V 
(2786)-Kramnik,V (2803) Moscow 2013}) 4... d5 ({Die Alternative ist} 4... c5 5.
d5 O-O 6. a3 Bxc3+ 7. bxc3 Re8 8. e4 d6 9. Ne2 Qa5 10. Bd2 Nbd7 11. Ng3 Nb6 12.
Be2 Bd7 13. a4 h6 14. O-O Nxa4 15. Bd3 a6 16. f4 exd5 17. cxd5 b5 18. Bc2 Qb6
19. Kh1 Nb2 20. Qf3 Nc4 $17 {0-1 (74) Carlsen,M (2801)-Karpov,A (2619) Moscow
2009}) 5. a3 Bxc3+ ({Anand selbst spielte hier schon} 5... Be7 6. e4 dxe4 7.
fxe4 e5 8. d5 Bc5 9. Nf3 Bg4 10. Bd3 Nbd7 11. h3 Bxf3 12. Qxf3 c6 13. Bd2 O-O
14. Rc1 Bd4 15. b4 a5 16. Ne2 Bb2 17. Rb1 Bxa3 18. bxa5 Bc5 19. Rxb7 cxd5 20.
cxd5 Rxa5 21. g4 Ra3 22. Bc1 Ra1 23. Kf1 Nb6 24. Bb5 Qc8 25. Bc6 Nc4 26. Kg2
Nd6 27. Be3 Ra3 28. Bxc5 Rxf3 29. Bxd6 Nxe4 30. Bxf8 Rf2+ {0-1 (30) Mamedyarov,
S (2719)-Anand,V (2788) Moscow 2009}) 6. bxc3 c5 7. cxd5 exd5 ({Die
Hauptvariante ist} 7... Nxd5) 8. e3 c4 {Von Carlsen schnell gespielt. Die
Struktur erinnert etwas an die berühmte Partie Botvinnik-Capablanca, AVRO 1938.
} ({Nach} 8... O-O 9. Bd3 {hat Weiss gute praktische Ergebnisse erzielt.}) 9.
Ne2 Nc6 10. g4 O-O 11. Bg2 (11. Ng3 Na5 12. Bg2 Nb3 13. Ra2 Qa5 14. Bd2 Bd7 15.
O-O Bc6 16. e4 dxe4 17. fxe4 Nxd2 18. Qxd2 Rae8 19. Rxf6 gxf6 20. h4 Re6 21. d5
Rd6 22. Qh6 Qc5+ 23. Rf2 f5 24. Qf4 Bd7 25. exf5 Re8 26. f6 Rxd5 27. Bxd5 Qxd5
28. Qh6 Qd1+ 29. Nf1 {1-0 (29) Ipatov,A (2601)-Debashish,D (2489) Kocaeli 2013}
) 11... Na5 12. O-O Nb3 13. Ra2 {Anand folgte einer Partie von Kasparov aus
dem Jahr 1997.} b5 ({Judit Polgar spielte hier} 13... h6 $6 14. Ng3 Bd7 15. Qe1
Re8 16. e4 dxe4 17. fxe4 Nxg4 18. Bf4 Qh4 19. h3 Nf6 20. e5 Rad8 21. Qf2 Nh5
22. Bxh6 Re7 23. Nf5 Qxf2+ 24. Rfxf2 Re6 25. Be3 Bc6 26. Bf1 f6 27. Bxc4 Bd5
28. Be2 fxe5 29. Bxh5 exd4 30. Bg5 Rd7 31. Rae2 Be4 32. Nxd4 {1-0 (32)
Kasparov,G (2820)-Polgar,J (2670) Tilburg 1997}) 14. Ng3 {Anand hat bisher 15
Minuten verbraucht, Carlsen schon etwa 30 Minuten.} (14. g5 Nd7 15. e4 Nb6 16.
e5 Bf5 17. f4 Na4 18. Rf3 Bb1 19. Rc2 a5 20. Rh3 b4 21. Be3 Bxc2 22. Qxc2 g6
23. axb4 axb4 24. cxb4 Nb6 25. f5 Qd7 26. Ng3 Ra1+ 27. Bf1 Nc8 28. Rh6 Ne7 29.
Qg2 Nxf5 30. Qh3 Rfa8 31. Rxh7 Kf8 32. Ne2 Nxe3 33. Qxe3 Qg4+ 34. Ng3 R8a2 35.
e6 Rxf1+ 36. Kxf1 Qd1+ 37. Qe1 Qf3+ {0-1 (37) Gardner,R (2202) -Shabalov,A 
(2534) Calgary 2012}) 14... a5 {Ein neuer Zug von Carlsen.} ({Bisher gab es
zwei Beispiele mit dieser Position:} 14... Bb7 15. g5 Nd7 16. e4 Qb6 17. Kh1 a5
18. e5 b4 19. Bb2 bxc3 {1/2-1/2 (19) Vlaic,B (2265)-Saric,A (2489) Sibenik 2011
}) (14... Re8 15. g5 Nd7 16. e4 Nb6 17. Raf2 Na4 18. Qc2 Rb8 19. f4 Bb7 20. e5
a5 21. f5 Qb6 22. e6 Nxc1 23. exf7+ Kxf7 24. g6+ Kg8 25. f6 Rf8 26. gxh7+ Kh8
27. fxg7+ Kxg7 28. Rxf8 Rxf8 29. Rxf8 {1-0 (29) Liu,A (2204) -Wu,C (2183) ICC
INT 2013}) 15. g5 Ne8 16. e4 Nxc1 {Bevor der Läufer ins Freie kommt, wird er
eliminiert.} (16... Nd6 $5 {Vachier-Lagrave.}) 17. Qxc1 Ra6 18. e5 {Es ist
eine dynamische Stellung auf dem Brett. Weiss hat Raumvorteil am Königsflügel,
Schwarz am Damenflügel. Die Eröffnung ist für Anand, der gewinnen muss,
zumindest in dem Sinne schon erfolgreich verlaufen, dass die entstandene
Stellung ihm Spiel-Möglichkeiten einräumt.} (18. Rb2 $5 {Kasparov}) 18... Nc7 (
{Sofort} 18... b4 $5 {war auch interessant.} 19. axb4 axb4 20. Rxa6 Bxa6 21.
cxb4 Nc7 22. f4 Qe7 23. Qa3 (23. Nf5 Qxb4) 23... g6 24. Rb1 Ra8 $11) 19. f4 b4
{Carlsen kommt am Damenflügel als Erster zum Zug. Am Ende wird ein gedeckter
Freibauer auf c4, bzw. b3, übrig bleiben.} 20. axb4 axb4 21. Rxa6 Nxa6 22. f5
$5 {Anand bringt Schärfe ins Spiel.} ({Möglich war auch} 22. cxb4 Nxb4 23. f5 {
Im Unterschied zur Partie ist der schwarze Freibauer hier auf c4 und weniger
nah am Umwandlungsfeld, dafür ist d4 schwach.}) 22... b3 {Und Carlsen spielt
ebenfalls prinzipiell. Anand hatte hier noch über eine Stunde auf der Uhr,
Carlsen noch etwa eine halbe Stunde. Anand investierte dann aber mehr als die
Hälfte seiner Bedenkzeit, um einen Angriffsplan auszuarbeiten.} 23. Qf4 ({In
Betracht kam auch:} 23. h4 Nc7 ({Schwarz darf nicht leichtsinnig spielen:} 
23... Bb7 24. h5 Nc7 25. f6 Bc8 26. g6 fxg6 27. hxg6 hxg6 ({Nicht} 27... gxf6
$2 28. Qh6 $18) 28. Qg5 Qd7 29. Qxg6 Qg4 30. f7+ Kh8 {und Schwarz hält sich.})
24. h5 (24. Qa3 $5 {Kasparov}) 24... Nb5 25. f6 g6 (25... Be6 26. g6 fxg6 27.
hxg6 hxg6 28. Qg5 Nxc3 29. Qxg6 Rf7 30. Kh2 $1 (30. Nh5 Qb6 $19) 30... b2 (
30... Qb6 31. fxg7 Rxf1 32. Bxf1 Qc6 33. Bh3 Bd7 34. e6 $18) 31. Nh5 b1=Q 32.
Rxb1 Nxb1 33. Nxg7 $19) 26. hxg6 fxg6 (26... hxg6 27. Qf4 $18) 27. Ne2 Be6 28.
Nf4 Nc7 29. Qa3 $18) (23. f6 g6 24. Qf4 {um mit Dh4-h6-g7 mattzusetzen...} (24.
Rf4 {Dieser typische Mattplan funktioniert nur bei Mithilfe des Gegners, ist
aber nicht ungefährlich:} Be6 25. Rh4 Qb6 26. Qf4 {jedoch nicht} b2 $4 (26...
h5 27. Nxh5 gxh5 28. Rxh5 (28. g6 b2 29. g7 (29. Qh6 b1=Q+ 30. Bf1 Qxg6+) 29...
b1=Q+ 30. Bf1 Qg6+ $19) 28... b2 29. Qh4 b1=Q+ 30. Bf1 Qxf1+ 31. Kxf1 Qb1+ 32.
Kf2 (32. Kg2 $4 Qe4+ $19 {mit Damentausch}) 32... Qc2+ 33. Kg1 Qc1+ 34. Kf2
Qc2+ 35. Kg1 {und Schwarz muss Dauerschach geben, um nicht Matt gesetzt werden.
}) 27. Rxh7 Kxh7 28. Qh4+ Kg8 29. Qh6 b1=Q+ 30. Nf1) 24... Kh8 25. Qh4 b2 26.
Qh6 Rg8 27. Rf4 b1=Q+ 28. Bf1 Qd1 29. Rh4 Qh5 30. Nxh5 gxh5 31. Qxh5 Bf5 32.
Qxf7 Nc7 {mit unklarer Situation.}) 23... Nc7 24. f6 ({Kasparov gefiel} 24. Qh4
{besser, um die Spannung aufrecht zu halten. Wahrscheinlich dachte Vishy, 24.
f6 gewinnt forciert. (Kasparov)}) 24... g6 25. Qh4 Ne8 (25... Ne6 $2 26. Qh6 b2
27. Rf4 b1=Q+ 28. Bf1 Qc1 29. Rh4 Qe3+ 30. Kg2 Nf4+ 31. Rxf4 Qxf4 32. Qg7#) 26.
Qh6 $5 (26. Ne2 Be6 27. Nf4 Qa8 (27... b2 28. Qf2 Qb6 29. Rb1 $18) 28. Bh3 Bxh3
29. Qxh3 b2 30. e6 Nd6 31. Nxg6 fxg6 32. e7 Rf7 33. Qd7 Ne8 $13) 26... b2 27.
Rf4 (27. Ne2 $5 {Kasparov} Qa5 28. Nf4 Be6 29. Nxe6 fxe6 30. Bh3 {"Black looks
OK."} Qa6 $11) 27... b1=Q+ 28. Nf1 $4 {Ein entscheidender Fehler in kritischer
Stellung. Anand hatte Lf1 geplant und sich dann im letzten Moment für einen
vermeintlich besseren Zug entschieden.} (28. Bf1 {führt wohl zum Remis.} Qd1
29. Rh4 Qh5 30. Nxh5 gxh5 31. Rxh5 Bf5 32. Bh3 (32. g6 Bxg6 33. Rg5 Qb6 34. h4
Nxf6 35. exf6 Qxf6 36. h5 Qf3 37. hxg6 fxg6 38. Bh3 Qe3+ $11 {Dauerschach})
32... Bg6 33. e6 Nxf6 (33... fxe6 34. Bxe6+ Rf7 35. Rh3 $18) 34. gxf6 Qxf6 {
zeigte Carlsen in der Pressekonferenz.} 35. e7 Qxe7 36. Re5) 28... Qe1 {
Aufgegeben. Kasparov kommentierte auf Twitter: Hat schon mal jemand eine
WM-Partie gewonnen, ohne seine Dame zu ziehen.} ({Da der Springer nicht mehr
auf g3 steht, funktioniert hier} 28... Qe1 {wegen} 29. Rh4 Qxh4 30. Qxh4 Qa5
$19) ({Anand hatte gerechnet:} 28... Qd1 29. Rh4 Qh5 30. Rxh5 gxh5 31. Ne3 Be6
32. Bxd5 Bxd5 33. Nf5 {und der Springer kommt nach e7. Weiss gewinnt.}) 0-1